000 01112naa a22003017a 4500
001 BR8004782
003 BR-BrBNA
005 20240918174639.0
007 ta
008 230509b bl.||||| |||| 00| 0 por d
040 _aBR-BrBNA
_bpor
_cBiblioteca Nacional de Agricultura
041 _a(Pt)
072 _aF60; F27
_b0230
_bG514
090 _aF60 BR8004782
100 1 _aSalibe, A.C.
100 1 _aTuler, V.V.
111 1 _a5. Congresso Nacional de Irrigacao e Drenagem
_cSao Paulo, SP (Brazil)
_d29 Sep 1980
245 1 _aExigencias hidricas de cinco variedades de cana-de-acucar em solos de tabuleiro [Brasil]
260 3 _aSao Paulo, SP (Brasil):
_c1980.
500 _aAnais do 5. Congresso Nacional de Irrigacao e Drenagem Sao Paulo, SP (Brasil): 1980. p. 238-273 (BR8004782-AM)F60
650 _aCANA DE ACUCAR
650 _aEVAPOTRANSPIRACAO
650 _aIRRIGACAO
650 _aUMIDADE DO SOLO
773 0 _tAnais do 5. Congresso Nacional de Irrigacao e Drenagem
_b
_wF60 BR8004782
_gSao Paulo, SP (Brasil), 1980. p. 238-273
909 _a202404
_bLucia
_c55
_dLucia Elande
942 _cAM
_2AGRIS
999 _c312585
_d312585